Writing research papers: a guide to the process (Record no. 4876)
[ view plain ]
| 000 -LEADER | |
|---|---|
| fixed length control field | 00528 a2200169 4500 |
| 040 ## - CATALOGING SOURCE | |
| Original cataloging agency | DLC |
| Language of cataloging | DLC |
| 082 ## - DEWEY DECIMAL CLASSIFICATION NUMBER | |
| Classification number | 808.202 |
| 100 1# - MAIN ENTRY--PERSONAL NAME | |
| Personal name | Weidenborner, Stephen. |
| 245 10 - TITLE STATEMENT | |
| Title | Writing research papers: a guide to the process |
| Remainder of title | a guide to the process |
| Statement of responsibility, etc. | Stephen Weidenborner, Domenick Caruso. |
| 250 ## - EDITION STATEMENT | |
| Edition statement | 5th ed. |
| 260 ## - PUBLICATION, DISTRIBUTION, ETC. | |
| Place of publication, distribution, etc. | Islamabad : |
| Name of publisher, distributor, etc. | National Book Foundation, |
| Date of publication, distribution, etc. | c1997. |
| 300 ## - PHYSICAL DESCRIPTION | |
| Extent | xv, 301 p. : |
| Other physical details | ill. ; |
| Dimensions | 24 cm. |
| 650 #0 - SUBJECT ADDED ENTRY--TOPICAL TERM | |
| Topical term or geographic name entry element | Report writing. |
| 650 #0 - SUBJECT ADDED ENTRY--TOPICAL TERM | |
| Topical term or geographic name entry element | Research. |
| 700 1# - ADDED ENTRY--PERSONAL NAME | |
| Personal name | Caruso, Domenick. |
| 942 ## - ADDED ENTRY ELEMENTS (KOHA) | |
| Koha item type | Book |
| Call number prefix | 808.202 WEI |
| Source of classification or shelving scheme | |
| Withdrawn status | Lost status | Damaged status | Not for loan | Collection code | Permanent Location | Current Location | Shelving location | Date acquired | Source of acquisition | Cost, normal purchase price | Total Checkouts | Full call number | Barcode | Date last seen | Date last checked out | Price effective from | Koha item type | Total Renewals |
|---|---|---|---|---|---|---|---|---|---|---|---|---|---|---|---|---|---|---|
| Central Library (CL) | Central Library (CL) | General Stacks | 07/30/2008 | Donation | 0.00 | 2 | 808.202 WEI | SEECS009214 | 03/17/2021 | 02/20/2019 | 01/05/2017 | Book | ||||||
| Central Library (CL) | Central Library (CL) | General Stacks | 07/30/2008 | Donation | 0.00 | 2 | 808.202 WEI | SEECS009215 | 03/09/2023 | 01/07/2023 | 01/05/2017 | Book | 1 |
